000 01109nam0a2200301 i 4500
001 RU\NLR\bibl\2067337
005 20240921140945.0
010 _a9785984051101
_9300
021 _aRU
_b2013-58702
_94042
035 _a(NLR Aleph) 002053772
090 _a4654008
_c4654008
100 _a20130830d2013 u y0rusy50 ca
101 0 _arus
102 _aRU
105 _aa |||||||||
200 1 _aИнтеграция рынков электроэнергии Европы: этапы, механизмы, достигнутый прогресс
_fА.А. Тукенов
210 _aМосква
_cИКАР
_d2013
215 _a272 с.
_cил., карт.
_d24
320 _aБиблиогр.: с. 264-266 (29 назв.)
606 1 _aЭлектрическая энергия
_xРынки
_yЕвропейские страны
_92390899
_3RU\NLR\AUTH\661425828
686 1 _aУ30(4)57-17
700 1 _aТукенов
_bА. А.
_gАнуар Акимжанович
_4070
801 0 _aRU
_bNLR
_c20130830
_gRCR
801 1 _aRU
_bNLR
_c20130830
942 _cBOOK
980 _aNBR